| 000 | 00948nam a2200289Ia 4500 | ||
|---|---|---|---|
| 001 | Para_2361 | ||
| 003 | CHAP | ||
| 008 | 220125s1980 xx 000 0 und d | ||
| 010 | _a200650 | ||
| 040 | _cCHAP | ||
| 090 | _aPA FOLLETO 216 | ||
| 100 |
_aNuñez C., Rey David _9165530 |
||
| 245 |
_aEstudio sobre control biológico de fusarium roseum (1k.), snyder & Hansen, causante principal de la dormilona del clavelen villa Guerrero, Edo. de México / _c por Rey David Nuñez C. y Sebastían Romero Cova |
||
| 260 |
_aChapingo, Méx. : _b CP. |
||
| 300 | _a25-33 p. | ||
| 440 |
_aSeríe agrociencia; 39 _9165531 |
||
| 650 |
_aClavel _x enfermedades _923701 |
||
| 650 |
_aFusarium roseum _944094 |
||
| 700 |
_aRomero Cova, Sebastían _999550 |
||
| 901 | _aPA FOLLETO 216 | ||
| 902 | _aA | ||
| 905 | _a0000001980 0000000000 00 | ||
| 910 | _a1980 | ||
| 942 | _cPARA | ||
| 942 |
_cPARA _d1 |
||
| 999 |
_c200650 _d200650 |
||